书目信息 |
| 题名: |
工程测量学
|
|
| 作者: | 李青岳 主编 | |
| 分册: | ||
| 出版信息: | 北京 测浍出版社 1984.6 |
|
| 页数: | 412页 | |
| 开本: | 26cm | |
| 丛书名: | ||
| 单 册: | ||
| 中图分类: | TB22 | |
| 科图分类: | ||
| 主题词: | 工程测量 | |
| 电子资源: | ||
| ISBN: | ||
| 000 | 00478nam0 2200181 45 | |
| 001 | 0312221749 | |
| 005 | 20060523093809.34 | |
| 010 | @dCNY2.75 | |
| 100 | @a20031222d1984 km y0chiy0120 ea | |
| 101 | @achi | |
| 200 | 1 | @a工程测量学@AGong Cheng Ce Liang Xue@f李青岳主编@FLi Qing Yue Zhu Bian |
| 210 | @a北京@c测浍出版社@d1984.6 | |
| 215 | @a412页@d26cm | |
| 606 | 0 | @a工程测量 |
| 690 | @aTB22@v3 | |
| 701 | 0 | @a李青岳@4主编 |
| 801 | @aCN@bTSTCL@c20060523 | |
| 905 | @a213230@dTB22@e52 | |
| 工程测量学/李青岳主编.-北京:测浍出版社,1984.6 |
| 412页;26cm |
| ISBN :CNY2.75 |
| ● |
| 相关链接 |
|
|
|
|
正题名:工程测量学
索取号:TB22/52
 
预约/预借
| 序号 | 登录号 | 条形码 | 馆藏地/架位号 | 状态 | 备注 |
| 1 | 0110249 | 202370308 | 密集书库/ [索取号:TB22/52] | 在馆 | |
| 2 | 0110250 | 000883912 | 密集书库/ [索取号:TB22/52] | 在馆 | |
| 3 | 0110251 | 202370166 | 密集书库/ [索取号:TB22/52] | 在馆 | |
| 4 | 0110252 | 202370344 | 密集书库/ [索取号:TB22/52] | 在馆 | |
| 5 | 0110253 | 000883903 | 密集书库/ [索取号:TB22/52] | 在馆 | |
| 6 | 0110254 | 202370353 | 密集书库/ [索取号:TB22/52] | 在馆 | |
| 7 | 0110255 | 202452032 | 第二样本阅览室/ [索取号:TB22/52] | 在馆 |